| Tag |
First Indicator |
Second Indicator |
Subfields |
| LEADER |
00000cam a2200000 i 4500 |
| 001 |
in00003838513 |
| 005 |
20211120181940.0 |
| 006 |
m o d f |
| 007 |
cr mn||||||||| |
| 008 |
170322s2015 dcua ob f000 0 eng c |
| 035 |
|
|
|a (OCoLC)ocn978275856
|
| 040 |
|
|
|a GPO
|b eng
|e rda
|e pn
|c GPO
|d MvI
|
| 042 |
|
|
|a pcc
|
| 043 |
|
|
|a n-us---
|
| 049 |
|
|
|a WWW
|
| 074 |
|
|
|a 0546-D (online)
|
| 086 |
0 |
|
|a GA 1.13:GAO-16-31
|
| 088 |
|
|
|a GAO-16-31
|
| 110 |
1 |
|
|a United States.
|b Government Accountability Office,
|e author.
|
| 245 |
1 |
0 |
|a Medicare and Medicaid, additional oversight needed of CMS's demonstration to coordinate the care of dual-eligible beneficiaries :
|b report to congressional requesters.
|
| 246 |
3 |
0 |
|a Additional oversight needed of CMS's demonstration to coordinate the care of dual-eligible beneficiaries
|
| 264 |
|
1 |
|a [Washington, D.C.] :
|b United States Government Accountability Office,
|c 2015.
|
| 300 |
|
|
|a 1 online resource (iii, 50 pages) :
|b color illustrations
|
| 336 |
|
|
|a text
|b txt
|2 rdacontent
|
| 337 |
|
|
|a computer
|b c
|2 rdamedia
|
| 338 |
|
|
|a online resource
|b cr
|2 rdacarrier
|
| 500 |
|
|
|a "December 2015."
|
| 500 |
|
|
|a "Accessible version."
|
| 500 |
|
|
|a "GAO-16-31."
|
| 504 |
|
|
|a Includes bibliographical references.
|
| 588 |
|
|
|a Description based on online resource; title from PDF cover (GAO, viewed March 20, 2017).
|
| 650 |
|
0 |
|a Medicaid beneficiaries
|z United States
|v Statistics.
|
| 650 |
|
0 |
|a Medicaid
|x Management
|v Statistics.
|
| 650 |
|
0 |
|a Health insurance
|z United States
|v Statistics.
|
| 650 |
|
0 |
|a Managed care plans (Medical care)
|z United States
|x Evaluation.
|
| 650 |
|
0 |
|a Health services administration
|z United States
|x Evaluation.
|
| 856 |
4 |
0 |
|u https://purl.fdlp.gov/GPO/gpo78735
|t 0
|
| 999 |
f |
f |
|s 7b5c0979-92f6-3e62-8d9d-2f458a177964
|i fac7f070-a5c6-3034-ba78-25d9b5bb23b6
|t 0
|
| 952 |
f |
f |
|a Texas A&M University
|b College Station
|c Electronic Resources
|d Available Online
|t 0
|e GA 1.13:GAO-16-31
|h Superintendent of Documents classification
|
| 998 |
f |
f |
|a GA 1.13:GAO-16-31
|t 0
|l Available Online
|